<?xml version="1.0" encoding="UTF-8"?>
<record
    xmlns:xsi="http://www.w3.org/2001/XMLSchema-instance"
    xsi:schemaLocation="http://www.loc.gov/MARC21/slim http://www.loc.gov/standards/marcxml/schema/MARC21slim.xsd"
    xmlns="http://www.loc.gov/MARC21/slim">

  <leader>00626cam a22002171  4500</leader>
  <controlfield tag="001">sa 68001560 </controlfield>
  <controlfield tag="003">DLC</controlfield>
  <controlfield tag="005">20260227112434.0</controlfield>
  <controlfield tag="008">881102s1966    ii            000 0 hino </controlfield>
  <datafield tag="010" ind1=" " ind2=" ">
    <subfield code="a">sa 68001560 </subfield>
  </datafield>
  <datafield tag="035" ind1=" " ind2=" ">
    <subfield code="a">(OCoLC)23541493</subfield>
  </datafield>
  <datafield tag="040" ind1=" " ind2=" ">
    <subfield code="a">DLC</subfield>
    <subfield code="c">MiU</subfield>
    <subfield code="d">NRU</subfield>
    <subfield code="d">DLC</subfield>
  </datafield>
  <datafield tag="042" ind1=" " ind2=" ">
    <subfield code="a">premarc</subfield>
  </datafield>
  <datafield tag="050" ind1="0" ind2="0">
    <subfield code="a">PK2031</subfield>
    <subfield code="b">.P3</subfield>
  </datafield>
  <datafield tag="100" ind1="1" ind2=" ">
    <subfield code="a">Pandey, Sudhakar,</subfield>
    <subfield code="d">1927-</subfield>
  </datafield>
  <datafield tag="245" ind1="1" ind2="0">
    <subfield code="a">Hind&#x12B; s&#x101;hitya k&#x101; ka kha ga.</subfield>
    <subfield code="c">[Lekhaka] Sudh&#x101;kara Pa&#x1E47;deya.</subfield>
  </datafield>
  <datafield tag="260" ind1=" " ind2=" ">
    <subfield code="a">[Dill&#x12B;]</subfield>
    <subfield code="b">R&#x101;dh&#x101;kr&#x325;sh&#x1E47;a Prak&#x101;&#x15B;ana</subfield>
    <subfield code="c">[c1966]</subfield>
  </datafield>
  <datafield tag="300" ind1=" " ind2=" ">
    <subfield code="a">196 p.</subfield>
    <subfield code="c">19 cm.</subfield>
  </datafield>
  <datafield tag="500" ind1=" " ind2=" ">
    <subfield code="a">In Hindi.</subfield>
  </datafield>
  <datafield tag="650" ind1=" " ind2="0">
    <subfield code="a">Hindi literature</subfield>
    <subfield code="x">History and criticism.</subfield>
  </datafield>
  <datafield tag="999" ind1=" " ind2=" ">
    <subfield code="c">78042</subfield>
    <subfield code="d">78042</subfield>
  </datafield>
</record>
